Statistieken voor Landen van Europa in 1444 op een Kaart

Klik hier om de quiz te nemen!

Algemene statistieken

  • Deze quiz is 2.115 keer genomen
  • De gemiddelde score is 17 van 78

Antwoorden op de kaart

Antwoorden kleurgecodeerd door een groen-rode schaal op de quizkaart volgens % correct hieronder.
 

Antwoordstatistieken

Land% Correct
Noorwegen
93%
Zweden
91%
Portugal
82%
Engeland
75%
Denemarken
73%
Frankrijk
73%
Schotland
70%
Andorra
56%
Polen
55%
San Marino
51%
Hongarije
44%
Bosnië en Herzegovina
41%
Cyprus
39%
Litouwen
38%
Servië
38%
Ottomaanse Rijk
37%
Pauselijke Staten
37%
Albanië
35%
Bretagne
27%
Venetië
27%
Moldavië
26%
Moskovië
26%
Vlaanderen
26%
Heilige Roomse Rijk
25%
Aragón
23%
Napels
23%
Krim
22%
Oost-Friesland
18%
Athene
17%
Byzantium
17%
Castilië
17%
Bourgondië
16%
Holstein
13%
Navarra
13%
Novgorod
13%
Riga
13%
Ulster
13%
Granada
11%
Provence
11%
Genua
10%
Münster
10%
Gouden Horde
9%
Kazan
9%
Walachije
9%
Duitse Orde
8%
Perm
8%
Leinster
7%
Lijflandse Orde
7%
Pskov
7%
Ragusa
7%
Rostov
7%
De Ridders
6%
Desmond
6%
Koninkrijk Man
6%
Nevers
6%
Sligo
6%
Tyrone
6%
Avaren
5%
Circassië
5%
Kildare
5%
Korfoe
5%
Mazovië
5%
Naxos
5%
Nogai
5%
Theodoro
5%
Tver
5%
Urbino
5%
Beloozero
4%
Clanricarde
4%
Gazikumukh
4%
Jaroslavl
4%
Odoyev
4%
Offaly
4%
Ormond
4%
Rjazan
4%
Sirvan
4%
Thomond
4%
Tyrconnell
4%

Scoreverdeling

Percentiel versus Aantal Correcte Antwoorden

Procent van Mensen met Elke Score

Uw Scoregeschiedenis

U heeft deze quiz nog niet genomen